LEADER 01523nam 2200385 a 450 001 9910701505803321 005 20120402153258.0 035 $a(CKB)5470000002420034 035 $a(OCoLC)782959625 035 $a(EXLCZ)995470000002420034 100 $a20120402d2012 ua 0 101 0 $aeng 135 $aurbn||||||||| 181 $ctxt$2rdacontent 182 $cc$2rdamedia 183 $acr$2rdacarrier 200 10$aNuclear safety$b[electronic resource] $eArrangement between the United States of America and the United Arab Emirates, Signed at Washington, August 23, 2010, with Addenda 210 1$a[Washington, D.C.] :$cU.S. Dept. of State,$d[2012?] 215 $a1 online resource (18 unnumbered pages) 225 1 $aTreaties and other international acts series ;$v10-823 300 $aTitle from title screen (viewed on Apr. 2, 2012). 517 $aNuclear safety 606 $aNuclear facilities$xSafety measures$xResearch$zUnited States 606 $aNuclear facilities$xSafety measures$xResearch$zUnited Arab Emirates 606 $aNuclear facilities$xSafety measures$xInternational cooperation 615 0$aNuclear facilities$xSafety measures$xResearch 615 0$aNuclear facilities$xSafety measures$xResearch 615 0$aNuclear facilities$xSafety measures$xInternational cooperation. 712 02$aUnited States.$bDepartment of State. 801 0$bGPO 801 1$bGPO 906 $aBOOK 912 $a9910701505803321 996 $aNuclear safety$92319825 997 $aUNINA LEADER 02984nam 2200673 a 450 001 9910789675303321 005 20230207214135.0 010 $a1-283-19249-7 010 $a9786613192493 010 $a0-567-10461-3 035 $a(CKB)2670000000106691 035 $a(EBL)742700 035 $a(OCoLC)741687287 035 $a(SSID)ssj0000522231 035 $a(PQKBManifestationID)12210386 035 $a(PQKBTitleCode)TC0000522231 035 $a(PQKBWorkID)10529293 035 $a(PQKB)11736483 035 $a(MiAaPQ)EBC742700 035 $a(Au-PeEL)EBL742700 035 $a(CaPaEBR)ebr10488245 035 $a(CaONFJC)MIL319249 035 $a(OCoLC)893335659 035 $a(EXLCZ)992670000000106691 100 $a20041222d2005 uy 0 101 0 $aeng 135 $aur|n|---||||| 181 $ctxt 182 $cc 183 $acr 200 14$aThe educated elite in 1 Corinthians$b[electronic resource] $eeducation and community conflict in Graeco-Roman context /$fRobert S. Dutch 210 $aLondon ;$aNew York $cT&T Clark International$dc2005 215 $a1 online resource (369 p.) 225 1 $aJournal for the study of the New Testament. Supplement series ;$v271 225 1 $aLibrary of New Testament studies 300 $aDescription based upon print version of record. 311 $a0-8264-7088-2 320 $aIncludes bibliographical references (p. [306]-331) and indexes. 327 $apt. 1. Scholarship : social issues, the elite and education -- pt. 2. The Greek gymnasium, education and the ancient world -- pt. 3. Application of the ancient education model. 330 $aThis book examines the educated elite in 1 Corinthians through the development, and application, of an ancient education model. The research reads PaulGC?O?s text within the social world of early Christianity and uses social-scientific criticism in reconstructing a model that is appropriate for first-century Corinth. Pauline scholars have used models to reconstruct elite education but this study highlights their oversight in recognising the relevancy of the Greek Gymnasium for education. Topics are examined in 1 Corinthians to demonstrate where the model advances an understanding of PaulGC?O?s int 410 0$aJournal for the study of the New Testament.$pSupplement series ;$v271. 410 0$aLibrary of New Testament studies. 606 $aEducation in the Bible 606 $aElite (Social sciences) in the Bible 606 $aEducation, Ancient 606 $aElite (Social sciences)$zRome 615 0$aEducation in the Bible. 615 0$aElite (Social sciences) in the Bible. 615 0$aEducation, Ancient. 615 0$aElite (Social sciences) 676 $a227/.2067 700 $aDutch$b Robert S$07385 801 0$bMiAaPQ 801 1$bMiAaPQ 801 2$bMiAaPQ 906 $aBOOK 912 $a9910789675303321 996 $aThe educated elite in 1 Corinthians$93704380 997 $aUNINA